| 000 | 00757nam a2200205Ii 4500 | ||
|---|---|---|---|
| 003 | JO-AjNU | ||
| 008 | 230605s9999||||xx |||||||||||||| ||und|| | ||
| 017 | _a2001/10/2117 | ||
| 040 |
_aJO-AjNU _bara _erda _cJO-AjNU |
||
| 041 | _aara | ||
| 050 | 1 | 4 | _aU660.J6. Q87 2001 |
| 100 | 3 |
_aالقوات المسلحة الاردنية،2001, _eauthor _914337 |
|
| 245 | 0 | 0 | _aمنهاج العلوم العسكرية في الجامعات الاردنية |
| 264 | 3 | 1 | _aعمان:الدائرة، 2001 |
| 300 | _a263ص | ||
| 336 |
_atext _btxt _2rdacontent |
||
| 337 |
_aunmediated _bn _2rdamedia |
||
| 338 |
_avolume _bnc _2rdacarrier |
||
| 650 | 4 |
_aالعلوم العسكرية-الاردن- التعليم العالي - المقررات الدراسية _914338 |
|
| 999 |
_aA3799 _c7367 _d7367 |
||